عرض عادي
عرض مارك
- Herron, Isom H.,
مدخل إسم شخص
001 - رقم الضبط
- حقل الضبط: 13171
003 - معرف رقم الضبط
- حقل الضبط: OSt
005 - تاريخ ووقت أخر عملية
- حقل الضبط: 20120510012927.0
008 - عناصر بيانات ثابتة الطول
- حقل تحكم ثابت الطول: 120510|||a|||||| | ||| d
040 ## - مصدر الفهرسة
- هيئة الفهرسة الأصلية: OSt
- وكالة الكتابة: OSt
100 ## - مدخل -- أسم شخص
- إسم شخص: Herron, Isom H.,
- تواريخ مرتبطة بالاسم: 1946-
670 ## - بيانات المصدر موجوده
- الاستشهاد بالمصدر: Work cat.: (OSt)23617: Herron, Isom H., 1946-, Partial differential equations in fluid dynamics /, 2008.
